00794nab a2200217 uc450000100070000000500170000700800410002403500110006503500210007604000130009704100080011010000340011824500950015265000230024765000180027065000220028865100200031070000410033070000720037177301330044354649320250312091359.0990909e19941231 spa  a546493 a(OCoLC)819809433 ccomduadb aspa10aSolano, Oscar David4auteaut10aOcho nuevos registros para la fauna ictica de las islas del Rosario, Mar Caribe colombiano aTaxonomía animal aPeces marinos aIslas del Rosario 7aColombia2embne10aRodriguez Ramirez, Alberto4auteaut 0aMejía Aristizábal, Luz StellacDoctora en Educación4auteaut0 tAnales del Instituto de Investigaciones Marinas de Punta de Betin (Santa Marta)gNo. 23, 1994, p. 189-192w8375x0120-395903961